000 00330nam a22001457a 4500
008 221114b ||||| |||| 00| 0 eng d
020 _a0521298644
041 _aeng
080 _a51
082 _a51 KOS
100 _a22.2
101 _aMATE
245 _aA FIRST COURSE IN ALGEBRAIC TOPOLOGY
_cKOSNIOWSKI C
942 _2udc
_cBK
999 _c58893
_d58893